000 00834nam a22002771a 4500
001 2173624
003 OSt
005 20140310182129.0
008 740213s1961 cauabc b 000 0beng
020 _a0520006755
040 _aLC
_beng
_cLC
_dABN-SNR
043 _an------
050 0 0 _aE 90
_b.K93 1961
082 0 4 _aHS 920.1
_bK82 1971
100 1 _aKroeber, Theodora
_914557
245 0 0 _aIshi in two worlds :
_ba biography of the last wild Indian in North America /
_cWith a foreword by Lewis Gannett.
260 _aBerkeley,
_bUniversity of California Press,
_c1961.
300 _a255 p. ;
_bill. ;
_c24 cm.
504 _aBibliography: p. [245]-255.
600 0 0 _aIshi,
_dd. 1916.
_914558
650 0 _aYana Indians.
_914559
650 0 _aIshi
_vBiography
_914560
942 _2lcc
999 _c9663
_d9663